Identidad, ciudadanía y patrimonio: educación histórica para el siglo XXI
Bewaard in:
| Hoofdauteurs: | , , |
|---|---|
| Formaat: | Boek |
| Taal: | Spaans |
| Gepubliceerd in: |
Gijón
Ediciones Trea
2016
|
| Editie: | 1a. ed |
| Onderwerpen: | |
| Tags: |
Voeg label toe
Geen labels, Wees de eerste die dit record labelt!
|
MARC
| LEADER | 00000cam a2200000 a 4500 | ||
|---|---|---|---|
| 001 | UCC9302 | ||
| 003 | CL-VaPUC | ||
| 008 | 190914e20160000sp |||||||||||||||||spa|d | ||
| 020 | |a 9788497049764 | ||
| 082 | 0 | 4 | |a 306.09 |b MOL |2 21 |
| 100 | |a Molina Puche, Sebastián |e autor |9 604289 | ||
| 700 | 0 | |a Llonch Molina, Nayra |e author |9 604290 | |
| 700 | 0 | |a Martínez Gil, Tania |e author |9 604291 | |
| 245 | 1 | 0 | |a Identidad, ciudadanía y patrimonio: educación histórica para el siglo XXI |
| 250 | |a 1a. ed | ||
| 300 | |a 207 p | ||
| 942 | |c BK | ||
| 945 | |d 20190914 23:07:00 |a dcastane | ||
| 260 | |a Gijón |b Ediciones Trea |c 2016 | ||
| 650 | 0 | |a Patrimonio |9 257770 | |
| 650 | 0 | |a Identidad cultural |9 319131 | |
| 650 | 0 | |a Ciudadanía |9 258339 | |
| 583 | |a last modification |c 20190914 23:07:00 |k Rodrigo Vera | ||
| 999 | |c 375488 |d 375486 | ||
| 952 | |0 0 |1 0 |3 erb |4 0 |6 306_090000000000000_MOL_2016 |7 0 |8 A |9 494476 |a BIBHIS |b BIBHIS |i 5601401 |l 2 |o 306.09 MOL 2016 |p 5601401 |r 2025-01-20 |s 2024-08-19 |w 2019-11-24 |y BK |z Catalogado en:20190914 |k HIS | ||